03779nam a2200505Ia 450000500170000000800410001702000180005804000350007604100080011108200210011910000280014024501690016825000230033726400320036030000690039233600270046133700330048833800280052149000830054950001590063265000330079165000530082465000420087770000380091970000390095770000410099694200120103799900150104995201340106495201360119895201360133495201340147095201340160495201330173895201360187195201390200795201320214695201350227895201410241395201340255495201340268895201800282295201350300295201360313720220317001955.0200115s2019 ck 000 0 spa d a9789585499102 aCO-BoRNBPbspaerdacCO-BoRNBP aspa04a746.44028 bM67b1 aMorgan, Cristineautor 10aBordar con bastidor b20 proyectos originales para el bordador contemporáneo cCristin Morgan ; traducción Nuria Picos ; fotografía Nicki Dowey y Phil Wilkins aEdición especial 1aBogotábMonserrate c2019 a128 páginas b ilustraciones, fotografías en color c 23 cm. 2rdacontentatextobtxt 2rdamediaasin mediaciónbn 2rdacarrieravolumenbnc0 aPlan Nacional de Lectura y Escritura Leer es mi Cuento / Ministerio de Cultura aRecomendado para público adulto \ Título original: Hoop art. 20 stylish projects for the modern embroiderer \ Incluye datos biográficos de la autora17aBordado 2LEMBxEnseñanza 17aBordado materiales manuales2LEMBxMateriales 17aLabores de aguja 2LEMBxEnseñanza 1 aPicos, Nuria etraductora91342601 aDowey, Nickiefotógrafo 91342611 aWilkins, Phil efotógrafo 9134262 2ddccBK c8752d8752 00102ddc40708GENaMEDORADObMEDORADOcGENd2023-01-13l0o746.44028 M67bpDOR00752r2023-01-13 00:00:00tEj.1w2023-01-13yBK 00102ddc40708GENaMEGUAMALbMEGUAMALcGENd2023-03-30l0o746.44028 M67bpGUA002835r2023-03-30 00:00:00tEj.1w2023-03-30yBK 00102ddc40708GENaMEFTEORObMEFTEOROcGENd2023-05-30l0o746.44028 M67bpFo0000900r2023-05-30 00:00:00tEj.1w2023-05-30yBK 00102ddc40708GENaMECUBARRbMECUBARRcGENd2023-08-11l0o746.44028 M67bpCUB02948r2023-08-11 18:48:21tEj.1w2023-08-11yBK 00102ddc40708GENaMESMARTIbMESMARTIcGENd2023-08-17l0o746.44028 M67bpSM002362r2023-08-17 20:42:55tEj.1w2023-08-17yBK 00102ddc40708GENaMECASTILbMECASTILcGENd2023-08-17l0o746.44028 M67bpEC01414r2023-08-17 22:12:52tEj.1w2023-08-17yBK 00102ddc40708GENaMEMAPIRIbMEMAPIRIcGENd2024-01-09l0o746.44028 M67bpMAP0000908r2024-01-09 15:54:20tEj.1w2024-01-09yBK 00102ddc4070aMEVHERMObMEVHERMOd2024-02-20k746.44028 M67b EJ1l0o746.44028pVIS00945r2024-02-20 20:13:51tEj.1w2024-02-20yBK 00102ddc40708GENaMEURIBEbMEURIBEcGENd2024-08-14l0o746.44028 M67bpURI00945r2024-08-14 10:40:44tEj.1w2024-08-14yBK 00102ddc40708GENaMECASARIbMECASARIcGENd2024-11-10l0o746.44028 M67bpBM0001578r2024-11-10 09:05:41tEj.1w2024-11-10yBK 001040708001aMEVIGERRbMEVIGERRcGENd2021-05-08o746.44028 M67bpECA27873r2024-11-26 09:28:47tEj.1w2024-11-26yBKz20818 | 26838 00102ddc40708GENaMESGUARObMESGUAROcGENd2025-06-05l0o746.44028 M67bpSG03253r2025-06-05 14:21:00tEj.1w2025-06-05yBK 00102ddc40708GENaMEBAUPIAbMEBAUPIAcGENd2025-07-11l0o746.44028 M67bpBUP1838r2025-07-11 15:20:22tEj.1w2025-07-11yBK 00102ddc40708GENaMEMACYARIbMEMACYARIcGENd2025-06-12eministerio de culturaf9789585499102l0o746.44028 M67bp9789585499102r2025-07-15 10:17:37tEj.1w2025-07-15yBK 00102ddc40708GENaMELEJANIbMELEJANIcGENd2025-10-29l0o746.44028 M67bpLEJ01241r2025-10-29 14:42:47tEj.1w2025-10-29yBK 00102lcc40708GENaMEPCONCObMEPCONCOcGENd2026-02-24l0o746.44028 M67bpPCON02270r2026-02-24 15:16:12tEj.1w2026-02-24yBK